000 00445nam a2200181Ia 4500
001 9755
005 20260306161741.0
008 260306t1996||||xx |||||||||||||| ||spa||
041 _aESP
082 _a411
_bE88
100 _aEspinoza Herrera, Nemesio
_eAUT
245 0 _aRedacción para la administración pública y privada
260 _c1996
300 _a214 páginas :
_c
650 _aGEN
654 _aCHU
942 _cLIB
_dJUS
_fJUS
_2ddc
_n
999 _c9755
_d9755